لعبة الأمم : (Record no. 17437)
[ view plain ]
| 000 -الفاتح | |
|---|---|
| حقل البيانات ثابتة الطول | 00823 am a22001694a 4500 |
| 008 - عناصر البيانات ثابتة الطول - معلومات عامة | |
| حقل البيانات ثابتة الطول | 111210n1969 ua g 000 0 ara d |
| 082 04 - رقم تصنيف ديوى العشرى | |
| رقم التصنيف | 327.73062 |
| رقم الطبعة | 21 |
| رقم المادة | ك و ب |
| 100 1# - المدخل الرئيسى - إسم شخصى | |
| الإسم الشخصى | كوبلاند، مايلز. |
| 9 (RLIN) | 33095 |
| 245 10 - بيان العنوان | |
| العنوان | لعبة الأمم : |
| بقية العنوان | اللأخلاقية في سياسة القوة الأمريكية / |
| بيان المسئوليه,etc | مايلز كوبلاند ؛ دراسة وتقديم الحسينى الحسينى معدي. |
| 246 31 - العنوان الموازى | |
| عنوان صحيح/عنوان مختصر | The Game Of Nations. |
| 260 ## - PUBLICATION, DISTRIBUTION, ETC. (IMPRINT) | |
| مكان الناشر او الموزع | القاهرة : |
| اسم الناشر او الموزع | دار الخلود، |
| تاريخ النشر أو التوزيع | 2012. |
| 300 ## - الوصف المادى | |
| التعداد | 452 ص. ؛ |
| أبعاد الوعاء | 24 سم. |
| 650 14 - المدخل الاضافى بالموضوع-مصطلح موضوعى | |
| مصطلح موضوعي أو اسم جغرافي كعنصر مدخل | الولايات المتحدة الأمريكية |
| التقسيم الفرعي العام | العلاقات الخارجية |
| التقسيم الفرعي الجغرافي | مصر. |
| 9 (RLIN) | 33096 |
| 653 ## - مصطلح تكشيفى غير مقيد | |
| Resource For college | |
| Arrived date list | April2013 |
| 700 1# - المدخل الاضافى - اسم شخصى | |
| الإسم الشخصى | معدي، الحسينى الحسينى. |
| الدور | معد. |
| 9 (RLIN) | 33097 |
| 942 ## - عناصر المدخل الإضافي( كوها) | |
| مصدر التصنيف او مخطط الترفيف | Dewey Decimal Classification |
| Koha [default] item type | Book - Borrowing |
| حالة التراجع | حالة الفقد | مصدر التصنيف او خطة الترفيف | حالة تلف | ليس للاعارة | مجموعات كوها | المكان الدائم | المكان الحالي | موقع الترفيف | تاريخ الاكتساب | Source of acquisition | سعر الشراء الطبيعي | رقم الاستدعاء | الباركود | Date last seen | مُعار | التكلفة | نوع الوعاء |
|---|---|---|---|---|---|---|---|---|---|---|---|---|---|---|---|---|---|
| Dewey Decimal Classification | سور الازبكية | Central Library | Central Library | First floor | 15/04/2013 | 21.00 | 327.73062 ك و ب | 000028691 | 15/07/2025 | 08/01/2019 | 27.00 | Book - Borrowing |